[Event "GER-chT U14 Girls"]
[Site "Dittrichshuette"]
[Date "2008.12.29"]
[Round "5.1"]
[White "Thiem, Anja"]
[Black "Schreiber, Stefanie"]
[Result "1/2-1/2"]
[WhiteElo "892"]
[BlackElo "1136"]
[PlyCount "29"]
[EventDate "2008.12.27"]
[EventType "team-swiss"]
[EventRounds "7"]
[EventCountry "GER"]
[SourceTitle "EXT 2010"]
[Source "ChessBase"]
[SourceDate "2010.11.25"]
[SourceVersion "1"]
[SourceVersionDate "2010.11.25"]
[SourceQuality "1"]
[WhiteTeam "Uttenreuth"]
[BlackTeam "Dresden Gruen Weiss"]
[WhiteTeamCountry "GER"]
[BlackTeamCountry "GER"]

1. d4 d5 2. e3 e6 3. Bd3 Nf6 4. f4 Nc6 5. c3 Be7 6. Nf3 0-0 7. 0-0 Ne4 8. Nbd2 f5 9. Ne5 Nxe5 10. fxe5 b6 11. Nxe4 dxe4 12. Bc4 c6 13. Bd2 Bg5 14. Qe2 Qe7 15. Be1 1/2-1/2